Statistics for Taylor Swift Lyrics: Lover

Click here to take the quiz!

General Stats

  • This quiz has been taken 164 times
  • The average score is 233 of 258

Answer Stats

Answer% Correct
a
98%
and
97%
be
97%
we
97%
you
97%
i
97%
lover
97%
my
97%
this
97%
we
97%
you
97%
for
96%
your
96%
take
95%
ever
94%
me
94%
the
94%
up
94%
will
94%
to
93%
always
92%
christmas
92%
could
92%
every
92%
is
92%
january
92%
ladies
92%
please
92%
stand
92%
you're
92%
can
91%
forever
91%
gentlemen
91%
go
91%
hand
91%
lights
91%
make
91%
our
91%
'til
91%
where
91%
leave
90%
place
90%
with
90%
close
89%
on
89%
rules
89%
all
88%
home
88%
in
88%
man
88%
of
88%
i'll
87%
out
87%
guitar
86%
save
86%
table
86%
dirtiest
85%
force
85%
jokes
85%
living
85%
room
85%
scar
85%
seat
85%
string
85%
that
85%
want
85%
friends
84%
have
84%
you'll
84%
magnetic
83%
20
82%
let
82%
about
81%
at
81%
crash
81%
end
81%
known
81%
loved
81%
oh
81%
or
81%
seconds
81%
who
81%
years
81%
been
80%
dear
80%
i'm
80%
now
80%
yours
80%
highly
79%
i've
79%
true
79%
well
79%
dazzling
78%
has
78%
haze
78%
overdramatic
78%
there's
78%
wants
78%
way
78%
everyone
77%
swear
77%
three
77%
all's
76%
ends
76%
heart's
76%
honey
76%
mysterious
76%
sees
76%
summers
76%
suspicious
76%
blue
75%
calls
72%
borrowed
71%
ah
70%
darling
69%
'em
69%

Score Distribution

Percentile by Number Answered

Percent of People with Each Score

Your Score History

You have not taken this quiz